| 000 -LEADER |
| fixed length control field |
00656nam a22001937a 4500 |
| 008 - FIXED-LENGTH DATA ELEMENTS--GENERAL INFORMATION |
| fixed length control field |
131003b xxu||||| |||| 00| 0 ger d |
| 020 ## - INTERNATIONAL STANDARD BOOK NUMBER |
| International Standard Book Number |
9783827414106 |
| 041 0# - LANGUAGE CODE |
| Language code of text/sound track or separate title |
ger |
| 080 ## - UNIVERSAL DECIMAL CLASSIFICATION NUMBER |
| Universal Decimal Classification number |
004 |
| 100 1# - Rafti |
| Rafti |
Balzert, Helmut |
| 245 10 - TITLE STATEMENT |
| Title |
Lehrbuch Grundlagen der informatik : |
| Statement of responsibility, etc |
Helmut Balzert |
| 250 ## - |
| -- |
Botimi 2. |
| 260 ## - |
| -- |
Munchen |
| -- |
Elsevier GmbH, Spektrum Akademischer Verlag |
| -- |
2005 |
| 300 ## - |
| -- |
925 f. : |
| -- |
me il. ; |
| -- |
25 cm |
| -- |
CD |
| -- |
12 cm |
| 500 ## - |
| -- |
Parathenie V-XV |
| 650 #0 - |
| -- |
Kompjuterat |
| 650 #0 - |
| -- |
Teknologjia e informacionit |
| 942 ## - ADDED ENTRY ELEMENTS (KOHA) |
| Source of classification or shelving scheme |
|
| Item type |
Books |